000 00670nam a2200253 i 4500
001 C2-0091369
003 PPAK
005 20180727092346.0
008 970513s1993 enka|||| ||||| | eng d
020 _a0750102357
040 _aPPAK
_beng
_cPPAK
_erda
082 0 4 _a551
_223
090 0 0 _a551
_bRIC
_dK
090 0 0 _a551
_bRIC
_dRK
100 1 _aRichards,Roy,
_eauthor
245 1 3 _aAn early start to the earth and space
264 1 _aLondon :
_bSimon & Schuster ,
_c1993
300 _a80 pages :
_billustrations ;
_c21 cm
336 _2rdacontent
_atext
337 _2rdamedia
_aunmediated
338 _2rdacarrier
_avolume
650 1 0 _aEarth
942 _ddc
_cB
999 _c19315
_d19315